[Event "Turnier 40 / 120"]
[Site "Wien"]
[Date "2021.05.12"]
[Round "32"]
[White "Novag Star Diamond H8 - 25 MHZ"]
[Black "Pewatronic Masterchess SH7034 - 24 MHZ"]
[Result "0-1"]
[BlackElo "2150"]
[WhiteElo "2160"]

{Analyse ------> Komodo 13.02.} 1. e4 c5 2. Nf3 d6 3. d4 cxd4 4. Nxd4 Nf6
5. Nc3 g6 6. Be3 Bg7 7. f3 O-O 8. Qd2 Nc6 9. O-O-O d5 10. exd5 Nxd5 11.
Nxc6 bxc6 12. Bd4 e5 13. Bc5 {Buchende} Be6 {Buchende / auch diese
Eröffnung gab es im Match gegen Novag Diamond II, damals verlor Pewatronic
Masterchess} 14. Nxd5 {Buchbewertung Novag Star Diamond: +1,23 / gleich im
1. Zug weicht die Partie ab von jener gegen Novag Diamond II, der zog hier
14. Lxf8} cxd5 {Buchbewertung Pewatronic Masterchess: -0,8 / lt. Komodo
steht Schwarz trotz des bevorstehenden Qualitätsverlustes etwas besser mit
ca. +0,50} 15. Bxf8 Qxf8 16. Qa5 {nach Zugumstellung ist die Partie wieder
paralles zu jener gegen Diamond II} Qb8 {besser ist e4 mit leichtem Vorteil
für Schwarz, nach dem Textzug ist die Stellung im Lot} 17. Bb5??? {verliert
die Partie bereits, nötig war Td3, Komodo -1,60 mit der Fortsetzung e4} e4
{der richtige Zug, Pewatronic sieht sich aber im Nachteil mit -0,4} 18. c3
d4??? {ein grottenschlechter Zug, der den gesamten Vorteil verschenkt,
gewonnen hätte hier bereits exf3, Komodo 0,00} 19. Bc6 dxc3 20. bxc3 exf3
21. Bxa8 Bh6+ 22. Kc2 Bf5+ 23. Qxf5 gxf5 24. Bxf3 Qc7 25. Bd5 Bg7 26. Rd3
Qe5 27. Kd1 Qf4 28. c4? {besser ist Kc2, Komodo +1,00 für Schwarz mit der
Fortsetzung Df2} Qe5? {das bringt keinen Vorteil für Schwarz, Komodo 0,00}
29. Re1 Qa1+ 30. Ke2 Qxa2+ 31. Kf3?? {ein ganz schlechter Zug, danach ist
die Partie praktisch verloren, Komodo -1,80 mit der Fortsetzung Dc2, nötig
war Kf1 mit Ausgleich} Bh6??? {Pewatronic Masterchess verpasst den Gewinn,
der Textzug verspielt auf einen Schlag den gesamten Vorteil, Komodo 0,00}
32. Red1?? {hier weicht die Partie nun endgültig ab von jener gegen Novag
Diamond II, der spielte hier aber den deutlich besseren Zug Te8+, danach
wäre Schwarz nur ca. mit +0,50 im Vorteil gewesen, der Textzug ist ganz
schlecht und bringt Schwarz wieder klar in Vorteil, Komodo -1,80 mit der
Fortsetzung Dc2} Qc2 33. Rd4? {Novag Star Diamond sieht sich hier noch im
Vorteil: +0,88 / deutlich schwächer als Kg3, nach dem Textzug ist die
Partie praktisch schon verloren, Komodo -2,60 mit der Fortsetzung a5} Kg7
{Pewatronic Masterchess: +0,3, gleichwertig mit a5, Komodo +2,50} 34. Bc6?
{deutlich besser ist noch c5, Komodo -3,50} Qc3+ 35. R1d3? {Novag Star
Diamond sieht sich immer noch leicht im Vorteil: +0,57 / eine völlig
Fehleinschätzung, besser ist noch Ke2, Komodo -5,00} Qe1 36. Ba8 {Novag
Star Diamond: +0,69} Bg5 {Pewatronic Masterchess: +1,5 !} 37. c5 {Novag
Star Diamond: +0,11 / Komodo -6,00} h5 38. h4 Bxh4 39. Rxh4 Qxh4 40. Rd7
{Novag Star Diamond: -1,15 / Komodo -6,50} Qc4 {Pewatronic Masterchess:
+2,9} 41. c6 {Novag Star Diamond ist noch viel zu optimistisch: -0,96 /
Komodo -8,00} Qf1+ {Pewatronic Masterchess: +3,7} 42. Kg3 f4+ 43. Kh2 f3
44. gxf3 Qxf3?? {Pewatronic Masterchess verwirft im letzten Moment den weit
stärkeren Zug Df2+, den sieht Komodo bereits mit +10,00, nach dem Textzug
steht Schwarz weiterhin klar auf Gewinn aber "nur" noch mit +4,00 (also
büsst ganze 6 Bauerneinheiten !! ein)} 45. Rb7 {an dieser Stelle eine echte
Kuriosität: Novag Star Diamond erwartet hier ernsthaft Dxc6 ??, die ja dann
nach Txf7+ sofort verloren geht, was bitte soll das sein, unglaublich !!!}
Qe2+ 46. Kg1 Qd1+ 47. Kf2 Qd2+ 48. Kf1? {deutlich mehr Widerstand leistet
noch Kg1 mit ca. -4,00, nach dem Textzug ist wohl endgültig alles vorbei,
Komodo -9,00 mit der Fortsetzung Dd8} Qd8 49. c7 Qxa8 50. Rxa7 Qf3+ 51. Kg1
Qg4+ 52. Kf1 h4 53. Ra4 Qf3+ 54. Ke1 Qc3+ 55. Kf2 Qg3+ 56. Kf1 Qxc7 {Rest
geschenkt} 0-1
[/pgn]
[pgn]

[Event "Turnier 40 / 120"]
[Site "Wien"]
[Date "2022.12.15"]
[Round "33"]
[White "Pewatronic Masterchess SH7034 - 24 MHZ"]
[Black "Novag Star Diamond H8 - 25 MHZ"]
[Result "1/2-1/2"]
[BlackElo "2160"]
[WhiteElo "2150"]

{Analyse -----> Komodo 13.02.} 1. e4 c6 2. Nc3 d5 3. d4 dxe4 4. Nxe4 Bf5 5.
Ng3 Bg6 6. Bc4 {Buchende} Nd7 {Buchende} 7. c3 {Buchbewertung Pewatronic
Masterchess: 0,0} e5? {Buchbewertung Novag Star Diamond: -0,19 / gleich der
1. berechnete Zug ist ganz schlecht, danach ist Weiss bereits klar im
Vorteil, Komodo +1,00 mit der Fortsetzung Sf3, deutlich besser ist Sgf6 mit
Ausgleich} 8. Qe2? {ebenfalls schwach, danach ist Weiss nur noch knapp im
Vorteil mit ca. +0,30} Qe7 9. Be3 exd4 10. Bxd4 Qxe2+ 11. Bxe2 c5 {besser
ist Sgf6} 12. Be3 h5 13. O-O-O h4 14. Nf1 O-O-O 15. h3 Ngf6 16. Nf3 Ne4 17.
N1d2 Be7 18. Bb5 Rh5 19. Nxe4 Bxe4 20. Rhe1 Bxf3 {besser ist Se5} 21. gxf3
Nb6 22. Rxd8+ Kxd8 23. Rd1+ Kc7 24. Bf4+ Kc8 25. Re1 {die Stellung ist im
Lot, Komodo 0,00} Bd8 26. Bd3 c4 27. Bc2 Ra5 28. Kb1 Kd7 29. Be4 Nd5 30.
Be5 g6 31. f4 Bb6 32. f5 gxf5? {ein schlechter Zug, danach ist Weiss klar
im Vorteil, Komodo +1,00, nach 32. Se3 ! wäre die Stellung im Lot gewesen}
33. Bxf5+ Kc6 34. f3? {ein schlechter Zug, der den gesamten Vorteil wieder
verspielt, die Stellung ist wieder im Lot, Vorteil hätte Le4 versprochen}
f6 35. Bxf6 Nxc3+ 36. Bxc3 Rxf5 37. Re4 Kd5 38. Rxh4 Be3 39. f4 Bxf4 40. b3
b5 41. Kb2 Be3 42. bxc4+ bxc4 43. Ka3 Bc5+ 44. Ka4 a6 45. Ka5 Bf2 46. Rh8?
{ein Verlustzug, danach ist die bereits verloren, Komodo -2,40 mit der
Fortsetzung Ld4, nötig war Tg4 und die Stellung ist im Lot} Bd4! {Novag
Star Diamond sieht sofort den Gewinn, +2,07 !!, dieser Zug überrascht
Pewatronic, der rechnete mit Tf3 ?} 47. Bxd4 {Pewatronic hat keine Ahnung
von dieser Stellung: +0,8 ??? Unfassbar !!! / Komodo -3,00 / besser war
noch Td8+} Kxd4+ 48. Kxa6 {Pewatronic: +0,8 ??, also jetzt sind ihm die
Sicherungen durchgebrannt, immer noch sieht er nicht die Gefahr} c3 {Novag
Star Diamond hat hier den weit besseren Überblick und sieht bereits den
klaren Gewinn: +2,76 ! / Komodo +6,50} 49. Kb6 c2??? {ein Horrorzug, der
den Sieg verschenkt, um 6,5 Bauerneinheiten schlechter als Tf1, danach ist
die Partie Remis, Komodo 0,00} 50. Rc8 {Pewatronic Masterchess: -1,5 / hier
wollte ich gerade schreiben, endlich sieht er es ein, allerdings diesmal zu
unrecht, denn es ist Remis} Kd3 51. Rd8+ Ke2 52. Rc8 Rf6+ 53. Ka5??? {also
dieser Zug darf doch einfach nicht wahr sein, sich den eigenen A-Bauern zu
verstellen, damit ist natürlich die Partie im gleichen Augenblick sofort
verloren, Komodo -9,00, einfach nur noch hinrissig !!!} Kd2 54. Rd8+ Kc3
55. Rc8+ Kb2 56. Rc7 c1=Q 57. Rxc1 Kxc1 58. Kb5 {Komodo Matt in 24} Rh6???
{was für ein Megabock, der den Sieg verschenkt, danach ist es Remis, Komodo
0,00, gewonnen hätte natürlich Kb2} 59. a4 Rxh3 60. a5 Ra3 61. a6 Kb2 62.
Kb6 Kc3 63. a7 {Userendscheid: Remis} 1/2-1/2
[/pgn]
[pgn]

[Event "Turnier 40 / 120"]
[Site "Wien"]
[Date "2022.12.16"]
[Round "34"]
[White "Novag Star Diamond H8 - 25 MHZ"]
[Black "Pewatronic Masterchess SH7034 - 24 MHZ"]
[Result "1/2-1/2"]
[BlackElo "2150"]
[WhiteElo "2160"]

{Analyse ------> Komodo 13.02.} 1. e4 e5 2. Nf3 Nc6 3. Bb5 a6 4. Ba4 Nf6 5.
O-O Nxe4 6. d4 b5 7. Bb3 d5 8. dxe5 Be6 9. c3 Be7 10. Be3 O-O 11. Nbd2 Nxd2
{Buchende} 12. Qxd2 Na5 {Buchbewertung Pewatronic Masterchess: +0,4} 13.
Nd4 {Buchende} c5 14. Nxe6 {Buchbewertung Novag Star Diamond: 0,00 / lt.
Komodo steht Weiss knapp besser mit ca. +0,50} fxe6 15. Rad1? {sich so
billig vom Läuferpaar zu trennen ist natürlich ganz schwach, danach ist
Schwarz knapp im Vorteil mit ca. +0,30, nötig war natürlich Lc2 von dort
hätte er gegen die schwarze Königsstellung Druck machen können.} Nxb3 16.
axb3 Qc7 17. f4 Rf7 18. Qd3 Rd8 19. Rf2 Qc6 20. f5 exf5 21. Rxf5 Rxf5 22.
Qxf5 g6 23. Qf2 h5 24. Qf4 Qe6 25. Qh6 a5 26. h3 Qf5 27. Rf1 Bf8 28. Qg5
Qxg5 29. Bxg5 Re8 30. Bf6 d4 31. c4? {weniger gut, danach hat Schwarz einen
gedeckten Freibauern, besser ist cxd4 und die Stellung ist im Lot, nach dem
Textzug ist Schwarz etwas im Vorteil mit ca. +0,50} b4 32. Kf2? {deutlich
besser ist Ta1, Komodo -1,20} Bg7 {besser ist Le7} 33. Bxg7?? {ein ganz
schlechter Zug, danach ist die Partie praktisch schon verloren, Komodo
-1,70, deutlich besser ist Kg3} Kxg7 34. Re1 Kf7! {richtig, Komodo +2,20}
35. g4?? {wohl der endgültige Verlustzug, deutlich mehr Widerstand leistet
noch Kf3, Komodo -3,50} Ke6 36. Ke2 Rh8 37. Kd3 hxg4 38. hxg4 Rh4 39. Ra1
Rh3+ {Komodo +7,00} 40. Kd2 Rxb3 41. Rxa5 Rxb2+ {besser ist Kxe5} 42. Kc1
Rg2 43. Rxc5 Rxg4 44. Kd2 Rg3 45. Rd5 b3 46. Rxd4 b2??? {ein Horrorzug, um
ganze 5 Bauerneinheiten schlechter als Kxe5, verschenkt bereits den Sieg,
danach ist es Remis, Komodo 0,00} 47. Kc2 Rg2+ 48. Kb1 Kxe5 49. Rd8 Ke6 50.
c5 Ke7 51. Rd5 Ke6 52. Rd8 Ke7 53. Rd5 Ke6 54. Rd8 {Stellungswiederholung}
1/2-1/2
[/pgn]
[pgn]

[Event "Turnier 40/120"]
[Site "Wien"]
[Date "2021.05.04"]
[Round "35"]
[White "Pewatronic Masterchess SH 7034 - 24 MHZ"]
[Black "Novag Star Diamond H8 - 25 MHZ"]
[Result "0-1"]
[BlackElo "2160"]
[WhiteElo "2150"]

{Analyse ------> Komodo 13.02.} 1. e4 c5 2. Nc3 e6 3. Nf3 {Buchende} a6
{Buchende / auch diese Eröffnung wurde im Match gegen Novag Diamond II
gespielt, damals verlor Pewatronic Masterchess} 4. Be2 {Buchbewertung
Pewatronic Masterchess: +0,2} Nc6 {Buchbewertung Novag Star Diamond: +0,57
/ lt. Komodo steht Weiss knapp besser mit ca. +0,30} 5. O-O Nf6 6. Re1 d5
7. exd5 Nxd5 8. Nxd5 Qxd5 9. b3 Bd6 10. Bb2 O-O 11. Bd3 Qh5 12. Be4 Nd4 13.
Bxd4 {ein schlechter Zug, danach ist die Stellung im Lot, deutlich besser
ist h3 mit ca. +0,70 für Weiss} cxd4 14. c3 dxc3 15. dxc3 Rd8 16. Qe2 {hier
sorgt Pewatronic Masterchess für eine Überraschung, denn er produziert die
1. Abweichung zur Partie gegen Novag Diamond II, wohl aufgrund der
unterschiedlichen Bedenkzeiten, damals zog er 16. Dc2, der Textzug ist die
bessere Wahl, die Stellung ist im Lot} Qc5 17. Qc2 f5? {weniger gut, danach
hat Schwarz auf e6 einen zurückhängenden, schwachen Bauern, besser ist g6}
18. Bd3 b5 19. Rad1 Bd7? {ein schlechter Zug, danach ist Weiss klar im
Vorteil, Komodo +1,00 mit der Fortsetzung b4, nötig war Tb8 mit annäherndem
Ausgleich} 20. c4? {Pewatronic macht aber nichts draus, nach dem Textzug
ist die Stellung wieder im Lot} Qc7 21. Qe2 Bb4 22. Rf1 Qb6 23. Rc1 Be8 24.
Ne5 Rd4 25. Rfd1 Bc5 26. Rc2? {ein schlechter Zug, danach ist Schwarz im
Vorteil, deutlich besser ist Sf3 mit Ausgleich, Komodo -0,70 mit der
Fortsetzung Tad8} Rad8 27. Rcd2 h6 28. Rc1??? {ein ganz schlechter Zug,
danach ist die Partie praktisch schon verloren, Komodo -1,50 mit der
Fortsetzung Dd6, deutlich mehr Widerstand leistet cxb5 mit ca. -0,80} Qd6!
{na klar, der Druck gegen den Punkt d3 wird unerträglich} 29. Rdd1 Bh5!
{stark gespielt von Novag Star Diamond, die beste Fortsetzung, Komodo
+2,00} 30. Qxh5 Qxe5 31. Re1 Qd6? {deutlich schwächer als Df6, Komodo
+1,20} 32. Be2 Rd2? {deutlich schwächer als Tf4, Komodo +0,70} 33. cxb5
axb5 34. a4 bxa4 35. bxa4 Qe5 {ein schwacher Zug, danach ist nahezu der
gesamte Vorteil dahin, Komodo +0,40, deutlich besser ist Tb8 mit ca. +0,90}
36. Qf3 Kh8 37. Kh1 Qd4 38. Kg1 {besser ist Tf1, Komodo -0,80} Rb8 39.
Rcd1? {ein schlechter Zug, danach ist Schwarz klar im Vorteil, Komodo -1,00
mit der Fortsetzung Txd1, deutlich besser ist Kh1 mit ca. -0,50} Rxd1 40.
Bxd1 Rb2 41. Rf1 Qb4 42. g3 Rxf2 {Novag Star Diamond glaubt hier an den
Sieg: +2,03 !! / lt. Komodo ist die Partie Remis: 0,00} 43. Rxf2
{Pewatronic Masterchess sieht es realistischer und sich nur knapp im
Nachteil: -0,2} Qe1+ 44. Kg2 Bxf2 45. Qxf2 Qxd1 46. Qa2 Qd6 47. a5 Qa6 48.
Kf2 {die Stellung ist Remis, Komodo 0,00} Kg8 {Novag Star Diamond: +0,34}
49. Qe2 {Pewatronic Masterchess: -0,6} Qxa5 50. Qxe6+ Kh7 51. Ke2 Qb5+ 52.
Ke3 Qf1 53. Qf7 Qe1+ 54. Kd4 Qe4+ 55. Kc5 Qd3 56. Kc6?? {ein ganz
schlechter Zug, danach ist die Partie wohl verloren, Komodo -1,60 mit der
Fortsetzung Da6+, Remis hält De6} Qa6+ 57. Kc5 Qg6 58. Qc7 {hier wollte
Novag Star Diamond seinen Gegner auf das Glatteis führen, indem er
ernsthaft Dxg6 ?? vorschlug, danach wäre natürlich sofort alles vorbei
gewesen, mit -10,00 lt. Komodo, den Gefallen macht ihm aber Pewatronic
Masterchess nicht, Komodo -1,60} Qe6 59. h3 Qe3+ 60. Kb5 Qe2+ 61. Kb4 Qb2+
62. Ka4 Kg6 63. Qd6+ Qf6 64. Qd3 Qb6 65. Qf3 Qd4+ 66. Kb5 Qe5+ {deutlich
besser ist De4, Schwarz steht aber klar auf Gewinn, Komodo +2,00} 67. Kb6
Kf6 68. h4 Ke6 69. Qb3+ Ke7 70. Qf3 g5 71. Qb7+ {besser ist hxg5} Kf6 72.
Qh7 Qe3+ 73. Kb5 Qe8+ 74. Kc4??? {Das ist natürlich absolut hinrissig und
einfach indiskutabel, einfach nicht zu fassen, braucht man wohl nicht
grossartig zu erklären, Df7+ und man kann die Partie beenden, Komodo
-12,00} Qc6+??? {doch ebenso indiskutabel ist leider die Antwort von Star
Diamond, der aus völlig unverständlichen Gründen auf den Damentausch
verzichtet, ebenso UNFASSBAR, um ganze 10 Bauerneinheiten !!! schlechter
als Df7+, Komodo nur noch +1,50} 75. Kd4??? {ein grottenschlechter Zug,
danach ist wieder alles verloren, der König muss nach d3, Komodo -5,00 mit
der Fortsetzung De4+} Qd6+ {doch dieses Endspiel mit den Damen am offen
Brett und unzähligen Möglichkeiten überfordert einfach beide Geräte, weit
schwächer als De4+, trotzdem steht Schwarz natürlich auf Gewinn, Komodo
+2,20} 76. Kc4 Qe6+ 77. Kd4?? {der gleiche Fehler, wie in Zug 75, hier
gewinnt neuerlich De4+, Komodo -5,00, der König gehörte wieder nach d3}
Qe5+? {um ganze 2,5 Bauerneinheiten !! schlechter als De4+, Komodo +2,50}
78. Kc4 Qe4+? {es gibt einfach zu viele Möglichkeiten, wieder nicht ideal
eine ganze Bauerneinheit schlechter als De2+, Komodo +1,50} 79. Kb5 Qd5+
80. Ka4 Qc6+ 81. Kb4 Ke5 82. hxg5 Qe4+??? {ein Katastrophenzug, der bereits
den Sieg verschenkt, Komodo nur noch +0,80 mit der Fortsetzung Kc3 / lt.
Stockfish 15 ist es bereits Remis mit 0,00, gewonnen hätte Dd6+} 83. Ka5???
{war ja nicht anders zu erwarten, verliert wieder, Komodo -1,50 / Stockfish
15 -4,50} Qd5+ 84. Kb6 Qd8+ 85. Kc5 Qa5+??? {ein Katastrophenzug, der
bereits den Sieg verschenkt, Komodo +1,00 / lt. Stockfish 15 ist es bereits
Remis mit 0,00, gewonnen hätte hxg5} 86. Kc4 Qd5+ 87. Kb4??? {aber es ist
einfach nicht anders zu erwarten, ständig wechselt es zwischen Remis und
Sieg für Star Diamond, dieser Endspieltyp mit den Damen am offen Brett ist
einfach unspielbar für unsere Odies, nach dem Textzug ist die Partie wieder
verloren, Komodo -2,00, nötig war Kc3 und es ist Remis, aber diese
Feinheiten sind auch für einen menschlichen Spieler schwer zu sehen, warum
Kc3 Remis ist und Kb4 sofort verliert, das muss man auch erst mal sehen.}
Qd4+ 88. Kb5 Qd3+ 89. Kb4 Qd6+ 90. Kc4 hxg5! {da kann man nur sagen:
Endlich kein sinnloses Schach mehr, der richtige Zug, Schwarz steht klar
auf Gewinn, Komodo +2,00} 91. Qg7+ Qf6 92. Qxf6+??? {also dazu verweigere
ich den Kommentar / Komodo Matt Matt in 28 !!!, nötig war Db7} Kxf6 93. Kd4
Ke6 94. Kc3 Kd5 95. Kd3 Ke5 96. Ke3 g4 97. Kf2 Kd4 98. Ke2 Ke4 99. Kf2 Kd3
{Rest geschenkt} 0-1
[/pgn]
[pgn]

[Event "Turnier 40 / 120"]
[Site "Wien"]
[Date "2023.02.16"]
[Round "36"]
[White "Novag Star Diamond H8 - 25 MHZ"]
[Black "Pewatronic Masterchess SH7034 - 24 MHZ"]
[Result "0-1"]
[BlackElo "2150"]
[WhiteElo "2160"]

1. e4 e5 2. Nf3 Nf6 3. Nxe5 d6 4. Nf3 Nxe4 5. Qe2 Qe7 6. d3 Nf6 7. Bg5 Nbd7
8. Nc3 Qxe2+ {Buchende} 9. Bxe2 Be7 {Buchbewertung Pewatronic Masterchess:
-0,3} 10. O-O {Buchende} O-O 11. Rfe1 {Buchbewertung Novag Star Diamond:
+0,38 / lt. Komodo ist die Stellung etwa gleich / diese Eröffnung gab es
auch mit gegen Novag Diamond II und endet mit Remis} c6 12. d4 {bereits
hier weicht die Partie ab von jener gegen Diamond II, der zog damals 12.
Lf1} Re8 13. Bd3 h6 14. Bh4 d5 15. Re3 Bd6 16. Rxe8+ Nxe8 17. Re1 Ndf6 18.
Ne5 Be6 19. h3 {besser ist f4} Nh5 20. Ne2 g5 21. Bg3 Nxg3 22. Nxg3 Ng7 23.
Ne2 Bf5 24. Bxf5 Nxf5 25. Nf3 Re8 26. g4 Ng7 27. Ng3 Rxe1+ 28. Nxe1 a6 29.
Nd3 Kf8 30. Kg2 b6 31. Kf3 Ke7 32. c3 Kf6 33. Ke3 Ke6 {die Stellung ist im
Lot, Komodo 0,00} 34. f4 Kf6 35. Ne2 gxf4+ 36. Nexf4 Kg5 37. Ne5? {ein
schlechter Zug, danach ist Schwarz im Vorteil, Komodo -1,00, nötig war Kf3
mit Ausgleich} Bxe5 38. dxe5 Kh4 39. Kf3 Ne6 40. Nd3 {besser ist Sg2+, nach
dem Textzug ist die Partie bereits verloren, Komodo -2,20 mit der
Fortsetzung Sg5+} Ng5+ 41. Kf4 Nxh3+ 42. Kf5 {die Stellung ist klar
verloren für Weiss, Komodo -3,50} a5? {ja, Sb4 sollte verhindert werden,
aber das ist eindeutig der falsche Bauer, deutlich besser ist c5, dennoch
ist Schwarz klar im Vorteil, Komodo +2,30} 43. e6?? {ganz schwach, danach
ist alles vorbei, Komodo -6,50, deutlich mehr Widerstand leistet b4 mit ca.
-2,30} fxe6+ 44. Kxe6 Kxg4 45. Ne5+ Kf4 46. Kd6 Nf2 47. Ng6+ Kg5 48. Ne5
Nd1??? {ein echter Megabock, um ganze 7 Bauerneinheiten !!! schlechter als
Kf5, verschenkt den Sieg danach ist die Partie bereits Remis, Komodo 0,00,
allerdings muss man sagen es würde mich wundern, wenn Novag Star Diamond
das sieht, denn das Remis sichert: Sf7+, Kg6, Sxh6 und der gewinnbringende
Freibauer von Schwarz ist weg und der weisse König räumt dann seelenruhig
die schwarzen Bauern ab, allerdings die dafür nötige Rechentiefe und die
Opferung der Figur, das wird wohl ein Oldie nicht sehen} 49. Kxc6? {naja
war klar, aber hier kein grosser Vorwurf von meiner Seite, diese Nuss war
zu hart, der Textzug verliert natürlich wieder, Komodo -3,00} Nxb2?
{verschenkt wieder den Sieg, Remis nach gleichem Muster wieder möglich,
Sf7+, Kg6, Sxh6, aber auch gleicher Kommentar wie zuvor, das wird wohl Star
Diamond nicht sehen, Komodo 0,00} 50. Kxd5? {war zu erwarten, verliert
wieder, Komodo -4,00} h5 51. Nf3+ Kf4 52. Ng1 h4 53. c4 Kg3 54. c5 bxc5 55.
Kxc5 Kg2 56. Ne2 Nd3+ 0-1
[/pgn]
[pgn]

[Event "Turnier 40 / 120"]
[Site "Wien"]
[Date "2023.02.17"]
[Round "37"]
[White "Pewatronic Masterchess SH7034 - 24 MHZ"]
[Black "Novag Star Diamond H8 - 25 MHZ"]
[Result "1/2-1/2"]
[BlackElo "2160"]
[WhiteElo "2150"]

{Analyse -----> Komodo 13.02.} 1. d4 Nf6 2. Nf3 d5 3. c4 c6 4. Nc3 dxc4 5.
a4 Bf5 6. e3 e6 7. Bxc4 Bb4 8. O-O {Buchende} Nbd7 9. Qb3 {Buchbewertung
Pewatronic Masterchess: +0,2} a5 10. Na2 Be7 11. Qxb7 {danach ist die
Partie bereits zwingend Remis, da die weisse Dame nach Tb8, Da6, Ta8, Dxc6,
Tac8 nicht mehr entkommen kann und es gezwungenermassen zu einer
Stellungswiederholung kommt, dennoch hatte sogar Komodo 13.02. diesen Zug
vorgeschlagen} Rb8 12. Qa6 Ra8 {Buchende} 13. Qxc6 {Pewatronic Masterchess
sieht das Remis NICHT, er rechnet hier mit Le4 mit einer Bewertung von +1,4
/ Novag Star Diamond sieht innerhalb der 1. Sekunde der Berechnung Tac8 mit
einer Bewertung von 0,00 !} Rc8 14. Qb5 {Pewatronic: +1,2 ? steht immer
noch auf der Leitung} Rb8 {Novag Star Diamond: 0,00} 15. Qa6 {Pewatronic
+1,3 im 11. HZ ?} Ra8 16. Qb7 {Pewatronic: 0,0, jetzt hat er es auch
geschnallt} Rb8 17. Qa7 Ra8 18. Qb7 Rb8 19. Qa6 Ra8 20. Qb5 Rb8 21. Qa6
{Stellungswiederholung} 1/2-1/2
[/pgn]
[pgn]

[Event "Turnier 40 / 120"]
[Site "Wien"]
[Date "2023.02.17"]
[Round "38"]
[White "Novag Star Diamond H8 - 25 MHZ"]
[Black "Pewatronic Masterchess SH7034 - 24 MHZ"]
[Result "1-0"]
[BlackElo "2150"]
[WhiteElo "2160"]

{Analyse ---> Komodo 13.02.} 1. e4 e5 2. Nf3 Nc6 3. Bb5 a6 4. Ba4 d6 5. c3
Bd7 6. d4 Nge7 7. Bb3 h6 8. Nbd2 Ng6 9. Nc4 Be7 {Buchende} 10. Ne3
{Buchende} O-O {Buchbewertung Pewatronic Masterchess: 0,0} 11. O-O
{Buchbewertung Novag Star Diamond: +0,53 / lt. Komodo steht Weiss etwas
besser mit ca. +0,50 (gibt also Star Diamond recht)} Bf6 12. Nd5 exd4 13.
Nxd4 Re8 14. Re1 Bh4 15. g3 Bf6 16. Nf5 Bxf5 17. exf5 Rxe1+ 18. Qxe1 Nge5
19. Qe2 Rb8 {nach mehreren kleineren Ungenauigkeiten, die sich summieren
steht Weiss klar besser, Komodo +1,00} 20. Be3 b5 21. Nxf6+? {ein schwacher
Zug, der nahezu den gesamten Vorteil verspielt, Komodo +0,30, deutlich
stärker ist a4 mit ca. +1,10} Qxf6 22. f4 Nd7 23. Bd5 Na5 24. Ba7 Rc8 25.
Qg4? {ein schwacher Zug, deutlich besser ist Te1} c5 26. Re1 Rc7??? {ein
MEGABOCK, der die Partie sofort verliert, Komodo -8,00 !!, nötig war Dd8
und alles ist im Lot.} 27. Re8+ Kh7 28. Qh5 g6 29. fxg6+ fxg6 30. Qe2 Nc6
31. Bxc6 Nf8 32. Bb8 Rxc6 33. Qe4 d5 34. Qxd5 Re6 35. Be5 Rxe5 36. Qxe5
Qxe5 37. fxe5 {Rest geschenkt} 1-0
[/pgn]
[pgn]